AutoCAD For Dummies / (Record no. 36571)

MARC details
000 -LEADER
fixed length control field 00486nam a22001817a 4500
005 - DATE AND TIME OF LATEST TRANSACTION
control field 20240912162253.0
008 - FIXED-LENGTH DATA ELEMENTS--GENERAL INFORMATION
fixed length control field 240912b |||||||| |||| 00| 0 eng d
020 ## - INTERNATIONAL STANDARD BOOK NUMBER
ISBN 9781119580089
082 ## - DEWEY DECIMAL CLASSIFICATION NUMBER
Classification number 005.36
Item number FAN-A
100 ## - MAIN ENTRY--AUTHOR
Author Name Fane, Bill
245 ## - TITLE STATEMENT
Title AutoCAD For Dummies /
Statement of responsibility, etc. Bill Fane
250 ## - EDITION STATEMENT
Edition statement 18th ed.
260 ## - PUBLICATION, DISTRIBUTION, ETC.
Place of Publication USA:
Name of publisher, distributor, etc. Wiley;
Date of publication, distribution, etc. 2019.
300 ## - PHYSICAL DESCRIPTION
Pages xiv, 528 p. :
500 ## - GENERAL NOTE
General note include index.
650 ## - SUBJECT ADDED ENTRY--TOPICAL TERM
Subject / Department Social Media Marketing for Businesses
300 ## - PHYSICAL DESCRIPTION
-- ill;
-- 24 cm.
952 ## - LOCATION AND ITEM INFORMATION (KOHA)
-- 0
-- 0
Holdings
Lost status Damaged status Collection code Permanent Location Current Location Shelving Location Date acquired Full Call Number Accession No./Barcode Date last seen item type Koha item type
    CS/IT Superior Information Resource Center (SIRC) Superior University- Gold Campus Superior Information Resource Center (SIRC) Superior University- Gold Campus Social Media Marketing for Businesses 09/12/2024 005.36 FAN-A 2019 18176 09/12/2024 BOOK BOOK

Powered by Koha